<?xml version="1.0" encoding="UTF-8"?>
<record
    xmlns:xsi="http://www.w3.org/2001/XMLSchema-instance"
    xsi:schemaLocation="http://www.loc.gov/MARC21/slim http://www.loc.gov/standards/marcxml/schema/MARC21slim.xsd"
    xmlns="http://www.loc.gov/MARC21/slim">

  <leader>03385cam a22004574i 4500</leader>
  <controlfield tag="003">PE-LiUPU</controlfield>
  <controlfield tag="005">20250731165418.0</controlfield>
  <controlfield tag="008">151210s2009    pe     grm    000 0 spa d</controlfield>
  <datafield tag="035" ind1=" " ind2=" ">
    <subfield code="a">(Sirsi) a155477</subfield>
  </datafield>
  <datafield tag="040" ind1=" " ind2=" ">
    <subfield code="a">PE-LiUPU</subfield>
    <subfield code="b">spa</subfield>
    <subfield code="c">PE-LiUPU</subfield>
    <subfield code="e">rda</subfield>
  </datafield>
  <datafield tag="082" ind1="0" ind2="4">
    <subfield code="a">234.7</subfield>
    <subfield code="b">Ch76 T3</subfield>
  </datafield>
  <datafield tag="099" ind1=" " ind2=" ">
    <subfield code="a">TT 3</subfield>
    <subfield code="b">CH76 2009</subfield>
  </datafield>
  <datafield tag="100" ind1="1" ind2=" ">
    <subfield code="a">Choroco C&#xE1;rdenas, V&#xED;ctor Augusto</subfield>
    <subfield code="e">autor</subfield>
  </datafield>
  <datafield tag="245" ind1="1" ind2=" ">
    <subfield code="a">An&#xE1;lisis del di&#xE1;logo ecum&#xE9;nico entre Cat&#xF3;licos Romanos y Luteranos sobre el Tema de la Justificaci&#xF3;n entre los a&#xF1;os 1980 y 2000 /</subfield>
    <subfield code="c">V&#xED;ctor Augusto Choroco C&#xE1;rdenas.</subfield>
  </datafield>
  <datafield tag="264" ind1=" " ind2="0">
    <subfield code="c">2009.</subfield>
  </datafield>
  <datafield tag="300" ind1=" " ind2=" ">
    <subfield code="a">128 hojas </subfield>
    <subfield code="c">30 cm</subfield>
  </datafield>
  <datafield tag="336" ind1=" " ind2=" ">
    <subfield code="a">text</subfield>
    <subfield code="2">rdacontent</subfield>
  </datafield>
  <datafield tag="337" ind1=" " ind2=" ">
    <subfield code="a">unmediated</subfield>
    <subfield code="2">rdamedia</subfield>
  </datafield>
  <datafield tag="338" ind1=" " ind2=" ">
    <subfield code="a">volume</subfield>
    <subfield code="2">rdacarrier</subfield>
  </datafield>
  <datafield tag="502" ind1=" " ind2=" ">
    <subfield code="a">Tesis</subfield>
    <subfield code="b">(Mg.) -- </subfield>
    <subfield code="c">Universidad Peruana Uni&#xF3;n,</subfield>
    <subfield code="d">2009.</subfield>
  </datafield>
  <datafield tag="504" ind1=" " ind2=" ">
    <subfield code="a">Incluye Bibliograf&#xED;a.</subfield>
  </datafield>
  <datafield tag="520" ind1="3" ind2=" ">
    <subfield code="a">El m&#xE9;todo de estudio que se sigue en esta investigaci&#xF3;n es el hist&#xF3;rico documental. De este modo se eval&#xFA;an los conceptos teol&#xF3;gicos en torno a la justificaci&#xF3;n encontrados en los documentos resultantes de los di&#xE1;logos ecum&#xE9;nicos entre cat&#xF3;licos romanos y luteranos producidos entre los a&#xF1;os 1980 y 2000. Se recurre tanto fuentes primarias as&#xED; como a fuentes secundarias. El objetivo del presente estudio es analizar y evaluar los conceptos teol&#xF3;gicos inmersos en el tema de la justificaci&#xF3;n encontrados en los documentos resultantes de los di&#xE1;logos ecum&#xE9;nicos y sostenidos por cat&#xF3;licos romanos y luteranos entre los a&#xF1;os 1980 y 2000. El 31 de octubre de 1517 marca un hito en la historia del cristianismo: Mart&#xED;n Lutero expuso sus principales ideas acerca de la iglesia y la salvaci&#xF3;n en 95 tesis, donde se contrastan conceptos que la Iglesia Cat&#xF3;lica hab&#xED;a enunciado durante siglos. Luego de casi cinco siglos de separaci&#xF3;n y mutuas persecuciones encontramos un acercamiento importante sobre la base del mismo tema que fue motivo de dicho distanciamiento: La justificaci&#xF3;n. Es as&#xED; como el 31 de octubre de 1999, en Augsburgo, Alemania, representantes de la Federaci&#xF3;n Mundial Luterana y de la Iglesia Cat&#xF3;lica Romana firmaron formal y oficialmente la Joint Declarati&#xF3;n on the Doctrine of Justification (JDDJ).  Acerca de este acercamiento cat&#xF3;lico romano-luterano, Alister McGrath llega a una conclusi&#xF3;n parecida a la que arrib&#xF3; Hans Kung: "Teol&#xF3;gicamente, tanto los protestantes como los cat&#xF3;licos romanos, con variantes menores, creen las mismas cosas respecto del rol activo de Dios al iniciar y al sostener la vida cristiana. Las conversaciones y acciones expresadas en los  documentos ecum&#xE9;nicos firmados por cat&#xF3;licos romanos y luteranos entre los a&#xF1;os 1980 y 2000 parecen mostrar el marcado inter&#xE9;s que tienen ambas denominaciones en lograr la reunificaci&#xF3;n, luego de casi cinco siglos de separaci&#xF3;n y controversia doctrinal.</subfield>
  </datafield>
  <datafield tag="526" ind1=" " ind2=" ">
    <subfield code="a">SEG44</subfield>
  </datafield>
  <datafield tag="526" ind1=" " ind2=" ">
    <subfield code="a">SEG26</subfield>
  </datafield>
  <datafield tag="526" ind1=" " ind2=" ">
    <subfield code="a">P151</subfield>
  </datafield>
  <datafield tag="526" ind1=" " ind2=" ">
    <subfield code="a">P150</subfield>
  </datafield>
  <datafield tag="526" ind1=" " ind2=" ">
    <subfield code="a">P149</subfield>
  </datafield>
  <datafield tag="526" ind1=" " ind2=" ">
    <subfield code="a">P146</subfield>
  </datafield>
  <datafield tag="526" ind1=" " ind2=" ">
    <subfield code="a">P145</subfield>
  </datafield>
  <datafield tag="526" ind1=" " ind2=" ">
    <subfield code="a">P126</subfield>
  </datafield>
  <datafield tag="526" ind1=" " ind2=" ">
    <subfield code="a">P125</subfield>
  </datafield>
  <datafield tag="526" ind1=" " ind2=" ">
    <subfield code="a">P92</subfield>
  </datafield>
  <datafield tag="526" ind1=" " ind2=" ">
    <subfield code="a">P75</subfield>
  </datafield>
  <datafield tag="526" ind1=" " ind2=" ">
    <subfield code="a">P74</subfield>
  </datafield>
  <datafield tag="526" ind1=" " ind2=" ">
    <subfield code="a">P27</subfield>
  </datafield>
  <datafield tag="526" ind1=" " ind2=" ">
    <subfield code="a">P15</subfield>
  </datafield>
  <datafield tag="650" ind1="1" ind2="4">
    <subfield code="a">Justificaci&#xF3;n</subfield>
    <subfield code="x">Iglesia cat&#xF3;lica e Iglesia luterana</subfield>
    <subfield code="v">Tesis.</subfield>
  </datafield>
  <datafield tag="596" ind1=" " ind2=" ">
    <subfield code="a">1</subfield>
  </datafield>
  <datafield tag="942" ind1=" " ind2=" ">
    <subfield code="2">ddc</subfield>
    <subfield code="c">TESIS</subfield>
  </datafield>
  <datafield tag="999" ind1=" " ind2=" ">
    <subfield code="a">TT 3 CH76 2009</subfield>
    <subfield code="w">ALPHANUM</subfield>
    <subfield code="c">8154</subfield>
    <subfield code="i">T01155</subfield>
    <subfield code="l">CCODEBUL3</subfield>
    <subfield code="m">BUL</subfield>
    <subfield code="r">1</subfield>
    <subfield code="s">Y</subfield>
    <subfield code="t">TESIS</subfield>
    <subfield code="u">2015-12-10</subfield>
    <subfield code="x">POSGRADO</subfield>
    <subfield code="P">P85</subfield>
    <subfield code="o">.STAFF. Tesis</subfield>
    <subfield code="d">8154</subfield>
  </datafield>
  <datafield tag="980" ind1=" " ind2=" ">
    <subfield code="8">1</subfield>
    <subfield code="g">ALBERTO SANCHEZ Responsable de Automatizaci&#xF3;n</subfield>
  </datafield>
  <datafield tag="952" ind1=" " ind2=" ">
    <subfield code="r">2022-07-06 00:00:00</subfield>
    <subfield code="l">0</subfield>
    <subfield code="o">TT 3 CH76 2009</subfield>
    <subfield code="p">T01155</subfield>
    <subfield code="t">e1</subfield>
    <subfield code="w">2015-12-10</subfield>
    <subfield code="x">PG</subfield>
    <subfield code="y">TESIS</subfield>
    <subfield code="z">Este &#xCD;tem NO se presta por ser Ejemplar #1.</subfield>
    <subfield code="1">0</subfield>
    <subfield code="2">ddc</subfield>
    <subfield code="7">1</subfield>
    <subfield code="8">TESIS</subfield>
    <subfield code="f">P85</subfield>
    <subfield code="a">BUL</subfield>
    <subfield code="b">BUL</subfield>
    <subfield code="c">TESIS</subfield>
    <subfield code="d">2015-12-10</subfield>
  </datafield>
</record>
